000 00368 a2200157 4500
001 151315
040 _cEscola São Tomás de Aquino
100 _aMACHADO, Ana Maria
240 1 0 _aO pescador e a Mãe-D'água
_lpor
245 1 0 _aO pescador e a Mãe-D'água
300 _a32
362 0 _a2008
440 1 _aModerna
697 _a*LITERATURA INFANTO
942 _cBK
999 _c151315
_d151315